| 000 | 00568nam a2200193 a 4500 | ||
|---|---|---|---|
| 001 | 3616 | ||
| 003 | CDMR | ||
| 005 | 20131021102910.0 | ||
| 008 | 130130s1990||||||||||||||||||||||||||||d | ||
| 020 | _a3925567054 | ||
| 040 |
_aCDMR _bcat _cCDMR |
||
| 100 | 1 |
_aRehe, Rolf F. _92581 |
|
| 245 | 1 | 0 |
_aTipografía y diseño de periódicos _cRolf F. Rehe |
| 260 |
_aDarmstadt (Alemania) _c1990 _bInca-Fiej Research Association, IFRA |
||
| 300 |
_a128 p. _bil. _c30 cm |
||
| 650 | 0 | 4 |
_91840 _aDiaris _xDisseny |
| 650 | 0 | 4 |
_93098 _aDiaris _xCompaginació i composició |
| 942 |
_cMON _2udc |
||
| 999 |
_c3616 _d3616 |
||